000 00717nam a2200217 a 4500
001 000026615
005 20240412074252.0
008 110324s1998 dr 000 f spa d
040 _aDO-SdBNP
_bspa
_cBNPHU
082 _aRD863.44
_bS787e, 1998
100 1 _aStanley, Avelinio,
_d1959-
_930225
245 1 0 _aEquis /
_cAvelinio Stanley.
250 _a2a ed.
260 _aSanto Domingo :
_bCocolo Editorial,
_c1998.
300 _a99 p. ;
_c21 cm.
500 _aFacsímil de la portada de la primera edición de Equis. Ilustración de Silvano Lora.
590 _aInventariado, 2019/VM
650 0 _aCuentos dominicanos
_9176
650 0 _aLiteratura dominicana.
_967
910 _aValidado. Control de calidad MMOLINA
999 _c26107
_d26107